000
003200000a22001450004500
003
MACL
040
_a
MACL
090
_c
8240
_d
8239
100
_a
Pruthi, Dr, R K
245
_a
NGOs, Civil Society and Global future
260
_b
Raj Publications
_c
2008
350
_a
825
650
_a
Social Science
942
_c
BOOK
_k
300
999
_c
8190
_d
8190